Geometry Dash - Most Downloaded Levels by Letter - A - Statistics

General Stats
  • This quiz has been taken 31 times
    4 since last reset
  • The average score is 13 of 20
Answer Stats
Publisher Difficulty Answer Downloads % Correct
Zobros Insane Demon Acropolis 11,300,000
100%
neigefeu Extreme Demon Acu 11,200,000
100%
FunnyGame Auto Auto Clubstep 17,600,000
100%
tntbanker Auto auto electrodynamix 13,000,000
100%
FunnyGame Auto Auto Electrodynamix 12,500,000
100%
Jax Auto auto play area 56,800,000
100%
FunnyGame Auto Auto ToE 11,200,000
100%
NeoSweet Easy Demon ABCDEFGHIJKLMNOPQRS 15,000,000
50%
UsernameDefault Hard Acid Factory 91,900,000
50%
TamaN Normal Adrift 33,100,000
50%
nasgubb Normal Afterlife 14,500,000
50%
aArbolito Hard Almighty 31,400,000
50%
Berkoo Hard Amplification 84,300,000
50%
Adiale Hard Anubis 32,800,000
50%
Skitten Harder Aquarius 24,800,000
50%
Geom3zon Hard Astralium 10,800,000
50%
FunnyGame Auto auto cycles 18,200,000
50%
Jax Auto Auto jumping area 11,000,000
50%
oISAACo Auto Auto Minecraft 2 10,600,000
50%
T3chno Hard Afterglow 10,300,000
0%
No matching quizzes found
Score Distribution
Percent of People with Each Score
Percentile by Number Answered
Your Score History
You have not taken this quiz since the last reset